Nigeria's National Interest in a Globalising World (Record no. 2955)

MARC details
000 -LEADER
fixed length control field 00370nam a22001337a 4500
008 - FIXED-LENGTH DATA ELEMENTS--GENERAL INFORMATION
fixed length control field 250414b |||||||| |||| 00| 0 eng d
020 ## - INTERNATIONAL STANDARD BOOK NUMBER
ISBN 978082166
100 ## - MAIN ENTRY--AUTHOR
Author Akinterinwa A. Bola
245 ## - TITLE STATEMENT
Title Nigeria's National Interest in a Globalising World
260 ## - PUBLICATION, DISTRIBUTION, ETC. (IMPRINT)
Place of publication Ibadan
Name of publisher Boiytag International Publisher
Date of publication 2007
300 ## - COLLATION
Pagination 395p.
942 ## - ADDED ENTRY ELEMENTS (KOHA)
Item type Books
050 ## - LIBRARY OF CONGRESS CALL NUMBER
Classification number JF 1601
Item number .A35
Holdings
Source of classification or shelving scheme Not for loan Permanent location Current location Date acquired Accession No. Full call number Barcode. Koha item type
Library of Congress Classification   Samuel Ogbemudia Main Library, University of Abuja Samuel Ogbemudia Main Library, University of Abuja 04/14/2025 2007/34672 JF 1601.A35 2025-1311 Books